000 00256nam a2200097Ia 4500
001 673582
005 20250826160906.0
008 250824s9999 xx 000 0 und d
245 0 _aMÜSLÜMANLARIN TARİHİ 5
_cİHSAN SÜREYYA SIRMA
260 _bBEYAN YAYINLARI
999 _c673582
_d673582